US military bombers - Statistics

General Stats
  • This quiz has been taken 176 times
    10 since last reset
  • The average score is 8 of 19
Answer Stats
Picture Answer % Correct
B-2
100%
B-1
90%
B-52
80%
B-17
70%
B-21
70%
B-29
60%
B-24
50%
B-25
40%
B-23
30%
B-32
30%
B-36
30%
B-10
20%
B-18
20%
B-26
20%
B-45
20%
B-66
20%
B-34
10%
B-47
10%
B-58
10%
No matching quizzes found
Score Distribution
Percent of People with Each Score
Percentile by Number Answered
Your Score History
You have not taken this quiz since the last reset